| 000 | 00412cam a2200169ua 4500 | ||
|---|---|---|---|
| 003 | OSt | ||
| 008 | 240119b |||||||| |||| 00| 0 eng d | ||
| 041 | _aeng | ||
| 082 |
_a621.4025 _bMOO/HE |
||
| 100 |
_aMooreield, S H . _95750 |
||
| 245 | _aHeat engines / | ||
| 250 | _a1 / | ||
| 260 |
_a : _bEdward Arnold Publishers Ltd , _c1963. |
||
| 300 | _a326 ; . | ||
| 700 | 1 |
_aWinstanley, H H . _95751 |
|
| 942 | _cBK | ||
| 999 |
_c1997 _d1997 |
||